00274nam a2200097Ia 4500008004100000082001500041100002000056245004500076260004600121300000900167210430s9999 xx 000 0 und d a323B4561 C aReinhard Bendix aClass Status and Power cReinhard Bendix aIslamabadbNational Book Foundationc2191 a677p